| 000 | 02215 a2200217 4500 | ||
|---|---|---|---|
| 001 | 57047 | ||
| 005 | 20260407155833.0 | ||
| 008 | 260407a2022 arg spa d | ||
| 003 | AR-UNSa-BCEJYS | ||
| 040 |
_aAR-UNSa-BCEJYS _bspa _cAR-UNSa-BCEJYS |
||
| 080 |
_a378.4(821.2) _xUniversidad de Buenos Aires |
||
| 245 | 1 | 0 | _aLecturas del Bicentenario |
| 020 | _a978-987-3810-43-5 | ||
| 264 | 1 |
_aBuenos Aires : _bUniversidad de Buenos Aires. Facultad de Derecho. Departamento de Publicaciones _c2022 |
|
| 300 |
_a325 p. _c22 cm. |
||
| 505 | _a1. La facultad de derecho en los 200 años – 2.La fundación de la Universidad de Buenos Aires – 3.Del departamento de jurisprudencia a la facultad de derecho y ciencias sociales – 4.La vida de la facultad de derecho en la calle Moreno 350 – 5.La universidad de Buenos Aires en las redes académicas globales de principios del siglo XX – 6.Contexto histórico en la Argentina a fines del siglo XIX y comienzos del siglo XX para enmarcar el centenario de la fundación de la Universidad de Buenos Aires – 7.La perdurable configuración del claustro docente (1821-1885) – 8.Los años difíciles de la facultad de derecho – 9.La centenaria relación entre facultades de derecho de las universidades de buenos aires – 10.Claroscuros en la Universidad de buenos aires y la FDCS – 11.Memorias de la facultad de derecho 1986-1990:La modernización y la reforma pedagógica en el marco de la democracia universitaria participativa – 12.La universidad de Buenos Aires en su Bicentenario – 13.Resonador de las clases y eco de los debates en la doctrina y en los foros: las tesis doctorales en derechos de la universidad de Buenos Aires – 14.Traslado de una biblioteca universitaria de 200.000 volúmenes un título tomado en préstamo – 15.La constitución ninguneada(un abordaje desde la enseñanza del derecho civil ) – 16.La enseñanza del derecho internacional privado: dinamismo de principios y metodología – 17.La facultad de derecho y su memoria archivista. | ||
| 041 | _aspa | ||
| 942 | _cBK | ||
| 590 | _aniveau_biblio:m niveau_hierar:0 | ||
| 856 | 4 | 1 |
_uhttps://biblioeco.unsa.edu.ar/pmb/images/libros/L128671.jpg _yImagen de portada _qimage/jpeg |
| 999 |
_c6108 _d6108 |
||